<?xml version="1.0" encoding="UTF-8"?><record xmlns="http://www.loc.gov/MARC21/slim" xmlns:zs="http://docs.oasis-open.org/ns/search-ws/sruResponse">
  <leader>01929cam a22003611  4500</leader>
  <controlfield tag="001">14159433</controlfield>
  <controlfield tag="005">20250606222302.1</controlfield>
  <controlfield tag="008">051028s1850    oku           000 0 eng  </controlfield>
  <datafield ind1=" " ind2=" " tag="035">
    <subfield code="a">14159433</subfield>
  </datafield>
  <datafield ind1=" " ind2=" " tag="906">
    <subfield code="a">0</subfield>
    <subfield code="b">cbc</subfield>
    <subfield code="c">premunv</subfield>
    <subfield code="d">u</subfield>
    <subfield code="e">ncip</subfield>
    <subfield code="f">19</subfield>
    <subfield code="g">y-gencatlg</subfield>
  </datafield>
  <datafield ind1=" " ind2=" " tag="955">
    <subfield code="a">tc12 2016--01-06 reclass. fr. KIF5539.C44 1827</subfield>
    <subfield code="r">xg08 2022-05-04</subfield>
  </datafield>
  <datafield ind1=" " ind2=" " tag="955">
    <subfield code="a">LCAP batch update 2025-06-01-04:00: LCAPM-644</subfield>
  </datafield>
  <datafield ind1=" " ind2=" " tag="010">
    <subfield code="a">   14021571 </subfield>
  </datafield>
  <datafield ind1=" " ind2=" " tag="040">
    <subfield code="a">DLC</subfield>
    <subfield code="c">DLC</subfield>
    <subfield code="d">DLC</subfield>
  </datafield>
  <datafield ind1=" " ind2=" " tag="043">
    <subfield code="a">n-us-ok</subfield>
    <subfield code="a">n-usu---</subfield>
  </datafield>
  <datafield ind1="0" ind2="0" tag="050">
    <subfield code="a">KIG2000.5</subfield>
    <subfield code="b">.A3 1827</subfield>
  </datafield>
  <datafield ind1="1" ind2=" " tag="110">
    <subfield code="a">Cherokee Nation, Oklahoma.</subfield>
  </datafield>
  <datafield ind1="1" ind2="0" tag="245">
    <subfield code="a">Cherokee laws.</subfield>
    <subfield code="c">Enacted by the General Council, of the Cherokees residing in the direction of the east; passed from time to time at the Council ground: beginning in the year 1808. And also the laws enacted by the Cherokees known as the "Old settlers" residing in the direction of the west. Beginning in the year 1824. Together with the laws of the United Cherokees formerly residing in the direction of the east and west. And also the constitution and laws here enacted; beginning with the year 1839 and continuing to 1849. Printed by order of the General council. Tsunitsutlâhitû, interpreter. Damaga publisher.</subfield>
  </datafield>
  <datafield ind1="1" ind2="3" tag="246">
    <subfield code="a">Laws, 1808-1849</subfield>
  </datafield>
  <datafield ind1="1" ind2="3" tag="246">
    <subfield code="a">Cherokee Nation laws, 1808-1849</subfield>
  </datafield>
  <datafield ind1=" " ind2=" " tag="260">
    <subfield code="a">Tahlequah,</subfield>
    <subfield code="b">Cherokee Nation,</subfield>
    <subfield code="c">1850.</subfield>
  </datafield>
  <datafield ind1=" " ind2=" " tag="300">
    <subfield code="a">148, 31, 276 p.</subfield>
    <subfield code="c">18 cm.</subfield>
  </datafield>
  <datafield ind1=" " ind2=" " tag="336">
    <subfield code="a">text</subfield>
    <subfield code="b">txt</subfield>
    <subfield code="2">rdacontent</subfield>
  </datafield>
  <datafield ind1=" " ind2=" " tag="337">
    <subfield code="a">unmediated</subfield>
    <subfield code="b">n</subfield>
    <subfield code="2">rdamedia</subfield>
  </datafield>
  <datafield ind1=" " ind2=" " tag="338">
    <subfield code="a">volume</subfield>
    <subfield code="b">nc</subfield>
    <subfield code="2">rdacarrier</subfield>
  </datafield>
  <datafield ind1=" " ind2=" " tag="500">
    <subfield code="a">Entirely in Cherokee characters; translation of title given is from Pilling's Bibliography of the Iroquoian languages. 1888, p. 40.</subfield>
  </datafield>
  <datafield ind1=" " ind2="0" tag="650">
    <subfield code="a">Law</subfield>
    <subfield code="z">Cherokee Nation, Oklahoma.</subfield>
  </datafield>
  <datafield ind1=" " ind2="0" tag="650">
    <subfield code="a">Law</subfield>
    <subfield code="z">Cherokee Nation.</subfield>
  </datafield>
  <datafield ind1=" " ind2="0" tag="650">
    <subfield code="a">Cherokee Indians</subfield>
    <subfield code="x">Legal status, laws, etc.</subfield>
  </datafield>
  <datafield ind1=" " ind2="0" tag="650">
    <subfield code="a">Cherokee law.</subfield>
  </datafield>
  <datafield ind1=" " ind2="7" tag="655">
    <subfield code="a">Statutes and codes.</subfield>
    <subfield code="2">lcgft</subfield>
  </datafield>
  <datafield ind1="4" ind2="1" tag="856">
    <subfield code="d">llscd</subfield>
    <subfield code="f">14021571</subfield>
    <subfield code="u">https://hdl.loc.gov/loc.law/llscd.14021571</subfield>
  </datafield>
  <datafield ind1=" " ind2=" " tag="985">
    <subfield code="a">ll/aiclm/aiclm-southern</subfield>
  </datafield>
</record>
